Der Vietnamkrieg - Statistiken

Allgemein
  • Dieses Quiz wurde 4.677 mal gespielt
  • Das Durchschnittsergebnis liegt bei 8 aus 20
Antwortstatistiken
Frage Antwort % Korrekt
Welches europäische Land kolonisierte Vietnam? Frankreich
92%
Was war die Hauptstadt von Nordvietnam? Hanoi
77%
Für was stehen die Initialen VC? Vietcong
64%
Wer war der Präsident Nordvietnam von 1945 bis 1969? Ho Chi Minh
60%
Was war die Hauptstadt von Südvietnam? Saigon
57%
Welche schreckliche Brandwaffe warfen die USA auf ihre Feinde ab? Napalm
55%
Welches amerikanische Entlaubungsmittel verursachte gesundheitliche Probleme bei den Betroffenen? Agent {Orange}
54%
Welche kommunistische Gruppe brachte in Kambodscha Millionen um? {Rote} Khmer
48%
In welches Land marschierten die USA im Jahre 1970 ein? Kambodscha
45%
Welche Militärstrategie verfolgten die US-Truppen im Kampf gegen die Guerillakämpfer? {Search} and Destroy
38%
Was war die bevorzugte Waffe der kommunistischen Kräfte? AK-47
37%
Wer war der Führer dieser Gruppe? Pol Pot
31%
Welche Theorie besagte, dass wenn Vietnam fällt andere Länder auch fallen? {Domino}-Theorie
30%
An welchem Feiertag lancierten die Kommunisten eine verheerende Offensive (1968)? Tet
18%
Welcher künftige US-Präsidentschaftskandidat wurde von den Vietnamesen gefoltert? John McCain
17%
Welcher Seeangriff führte die USA in den Krieg - obwohl er evtl. nie passierte? {Tonkin}-Zwischenfall
14%
Wie nennt man den Vietnamkrieg in Vietnam auch noch? Krieg gegen {Amerika}
12%
Bei welchem berüchtigten Massaker in 1968 waren US-Truppen an der Tötung von Zivilisten beteiligt ? Massaker von {My} {Lai}
10%
Welches Bergvolk emigrierte in Massen in die USA nach dem Krieg? Hmong
7%
An welcher Universität in Ohio wurden 1970 4 Protestierende getötet? {Kent} State
5%
Keine übereinstimmenden Quizze gefunden
Verteilung der Resultate
Anzahl Personen mit jedem Resultat
Perzentil nach korrekt beantworteten Fragen
Ihre Resultats-Entwicklung
Sie haben dieses Quiz noch nicht gespielt